| 000 | 01495cam a22004214i 4500 | ||
|---|---|---|---|
| 003 | PE-LiUPU | ||
| 005 | 20250731173137.0 | ||
| 008 | 150623s r 000 0 d | ||
| 035 | _a(Sirsi) a27069 | ||
| 040 |
_aPE-LiUPU _bspa _cPE-LiUPU _erda |
||
| 082 | 0 | 4 |
_a230 _bR71 _221 |
| 100 | 1 |
_aRobinson, John Arthur Thomas, _d1919 -, _eautor. |
|
| 245 | 1 | 0 |
_aHonest to God / _cJohn Arthur Thomas Robinson. |
| 264 | 1 |
_aPhiladelphia : _bThe westminster press, _c1963. |
|
| 300 |
_a143 páginas ; _c18 cm. |
||
| 336 |
_atext _2rdacontent |
||
| 337 |
_aunmediated _2rdamedia |
||
| 338 |
_avolume _2rdacarrier |
||
| 505 | 0 | _aReluctant revolution. The end of theism?. The ground of our being. The man for others. Worldly holiness. 'The new morality'. Recasting the mould. | |
| 526 | _aSEG42 | ||
| 526 | _aSEG41 | ||
| 526 | _aSEG40 | ||
| 526 | _aSEG39 | ||
| 526 | _aP94 | ||
| 526 | _aP87 | ||
| 526 | _aP86 | ||
| 526 | _aP85 | ||
| 526 | _aP77 | ||
| 526 | _aP76 | ||
| 526 | _aP35 | ||
| 650 | 0 | 4 |
_aCristianismo _xEsencia, naturaleza, etc. |
| 650 | 0 | 4 |
_aApologética. _92321 |
| 942 |
_2ddc _cBOOK |
||
| 949 |
_a230 R71 _wDEWEY _c1 _i52347 _lCCODEBUL1 _mBUL _p3.00 _r0 _sY _tBOOK _u2015-06-24 _xTEOLOGIA _PP35 _0COMPRA _o.STAFF. Colección General |
||
| 596 | _a1 | ||
| 999 |
_a230 R71 _wDEWEY _c34169 _i52347 _f2021-11-9 _g5 _lCCODEBUL1 _mBUL _p3.00 _r0 _sY _tBOOK _u2015-6-24 _xTEOLOGIA _PP35 _0COMPRA _o.STAFF. Colección General _d34169 |
||
| 980 |
_81 _gALBERTO SANCHEZ Responsable de Automatización |
||